00262nam a2200109Ia 4500008004100000100002200041245002600063260002400089650001400113942000800127999001700135190216s9999||||xx |||||||||||||| ||und|| aSatheesh Chandran 0aNam Nammude Shareeram bPrabhath Book House aMalayalam cREF c36071d36071